Normal view
MARC view
- Indian Battles and Wars
Entry Topical Term
001 - CONTROL NUMBER
- control field: 104613
003 - CONTROL NUMBER IDENTIFIER
- control field: NUST
005 - DATE AND TIME OF LATEST TRANSACTION
- control field: 20221212085024.0
008 - FIXED-LENGTH DATA ELEMENTS
- fixed length control field: 221212|| aca||aabn | a|a d
040 ## - CATALOGING SOURCE
- Original cataloging agency: NUST
- Transcribing agency: NUST
150 ## - HEADING--TOPICAL TERM
- Topical term or geographic name entry element: Indian Battles and Wars
670 ## - SOURCE DATA FOUND
- Source citation: Work cat.: (NUST): Singh, Saviat 104612, Decisive Indian Battles and Wars /
